[Event "World Rapid Women 2019"]
[Site "Moscow RUS"]
[Date "2019.12.28"]
[Round "10.19"]
[White "Fataliyeva, Ulviyya"]
[Black "Saduakassova, Dinara"]
[Result "1/2-1/2"]
[WhiteTitle "WGM"]
[BlackTitle "IM"]
[WhiteElo "2387"]
[BlackElo "2505"]
[WhiteFideId "13403052"]
[BlackFideId "13700090"]
[EventDate "2019.12.26"]

1. Nf3 c5 2. b3 b6 3. g3 Bb7 4. Bg2 Nf6 5. Bb2 g6 6. O-O Bg7 7. e3 O-O 8. c4 d5
9. Qe2 Nc6 10. Ne1 d4 11. e4 e5 12. f4 exf4 13. gxf4 Nh5 14. d3 Qh4 15. Bc1 f5
16. e5 Kh8 17. Bf3 Nd8 18. Ng2 Qe7 19. Bd5 Ne6 20. Qf3 Rab8 21. Bd2 Qd7 22. Na3
Rfd8 23. Bxb7 Rxb7 24. b4 Rbb8 25. b5 Bh6 26. Nc2 Qf7 27. a4 a5 28. bxa6 Ra8 29.
Qb7 Qxb7 30. axb7 Ra7 31. a5 bxa5 32. Rxa5 Rxb7 33. Ra6 Rb2 34. Rxe6 Rxc2 35.
Rf2 Ra8 36. Rc6 Ra1+ 37. Be1 Rxf2 38. Kxf2 Nxf4 39. Nxf4 Bxf4 40. Rxc5 Kg7 41.
Bb4 Be3+ 42. Ke2 Ra2+ 43. Kf1 f4 44. Rc7+ Kh6 45. Rf7 g5 46. e6 Kg6 47. Rf8 f3
48. Rxf3 Bf4 49. h4 h6 50. Bc5 Ra6 51. e7 Re6 52. Rf2 Kf7 53. hxg5 hxg5 54. Re2
Rxe2 55. Kxe2 g4 56. Bxd4 Kxe7 57. Be3 Bh2 58. Bg5+ Ke6 59. Ke3 Kf5 60. Bh4 Bg1+
61. Bf2 Bh2 62. Be1 Bg1+ 63. Ke2 Kf4 64. Bb4 Bd4 65. Bd6+ Kf5 66. Kf1 Ke6 67.
Bb8 Kf5 68. Kg2 Kg5 69. Kg3 Kf5 70. Bd6 Be3 71. c5 Ke6 72. Kxg4 Kd5 73. Kf5 Bd4
74. Bf8 Bf2 75. Kf4 Bd4 76. Kf3 Bg1 77. Be7 Bd4 78. Bd6 Bg1 79. Be7 Bd4 80. Kf4
Bg1 81. Kf5 Bd4 82. c6 Kxc6 83. Ke6 Bc3 84. Ba3 Bd4 85. Bd6 Be3 86. Bb8 Bg1 87.
Bd6 Bf2 88. Bb4 Bd4 89. Ba3 Bf2 90. Ke5 Kd7 91. Kd5 Be3 92. Bc5 Bc1 93. Bd4 Bd2
94. Bb2 Be3 95. Ba3 Bf2 96. Bc5 Be1 97. Kc4 Bh4 98. Bd4 Bg3 99. Be3 Be5 100. Kd5
Bc3 101. Kc4 Bf6 102. Bd2 Be5 103. Bc3 Bf4 104. d4 Be3 105. d5 Bf2 1/2-1/2

[Event "World Rapid Women 2019"]
[Site "Moscow RUS"]
[Date "2019.12.28"]
[Round "10.20"]
[White "Ushenina, Anna"]
[Black "Guseva, Marina"]
[Result "1-0"]
[WhiteTitle "GM"]
[BlackTitle "IM"]
[WhiteElo "2416"]
[BlackElo "2373"]
[WhiteFideId "14110911"]
[BlackFideId "4149351"]
[EventDate "2019.12.26"]

1. Nf3 Nf6 2. c4 e6 3. g3 a6 4. Nc3 d5 5. cxd5 exd5 6. d4 c6 7. Bg2 Bf5 8. O-O
Nbd7 9. Nh4 Bg6 10. f3 Be7 11. e4 dxe4 12. fxe4 O-O 13. Nxg6 hxg6 14. Be3 Qb6
15. Qe2 Rad8 16. Kh1 Qa5 17. e5 Nd5 18. Nxd5 cxd5 19. Qg4 Qb6 20. Rae1 Nb8 21.
Re2 Qb5 22. Ref2 Qb6 23. h4 Qc6 24. h5 gxh5 25. Qxh5 Qg6 26. Qxg6 fxg6 27. Rxf8+
Bxf8 28. Bg5 Rd7 29. Bh3 1-0

[Event "World Rapid Women 2019"]
[Site "Moscow RUS"]
[Date "2019.12.28"]
[Round "10.22"]
[White "Paehtz, Elisabeth"]
[Black "Hejazipour, Mitra"]
[Result "1-0"]
[WhiteTitle "IM"]
[BlackTitle "WGM"]
[WhiteElo "2475"]
[BlackElo "2277"]
[WhiteFideId "4641833"]
[BlackFideId "12505951"]
[EventDate "2019.12.26"]

1. d4 Nf6 2. Nf3 e6 3. Bf4 d5 4. e3 Bd6 5. Nbd2 c5 6. c3 Bxf4 7. exf4 cxd4 8.
Nxd4 Nc6 9. N2f3 O-O 10. Bd3 Qc7 11. g3 Nxd4 12. cxd4 Qa5+ 13. Qd2 Qxd2+ 14.
Kxd2 Bd7 15. Ne5 Rfc8 16. Rhc1 g6 17. Rc5 Rxc5 18. dxc5 Be8 19. Ke3 a5 20. Kd4
Kf8 21. Rc1 Rc8 22. Rc3 Ng8 23. Rb3 Rc7 24. Rb6 f6 25. Nf3 Kf7 26. Ke3 Ne7 27.
Nd4 Bd7 28. Bb5 Bc8 29. Nb3 e5 30. fxe5 fxe5 31. Kd2 Nf5 32. Nxa5 Nd4 33. b4
Nf3+ 34. Ke2 Nd4+ 35. Kd3 Nf3 36. Rd6 Nxh2 37. Rxd5 Be6 38. Rd6 Bxa2 39. Bc4+
Bxc4+ 40. Nxc4 Re7 41. Rb6 e4+ 42. Ke2 Ng4 43. Nd6+ Kf6 44. Rxb7 Re6 45. Rxh7 e3
46. f3 Ne5 47. f4 1-0

[Event "World Rapid Women 2019"]
[Site "Moscow RUS"]
[Date "2019.12.28"]
[Round "10.23"]
[White "Geller, Anastasiya"]
[Black "Galliamova, Alisa"]
[Result "1/2-1/2"]
[WhiteTitle "WFM"]
[BlackTitle "IM"]
[WhiteElo "2161"]
[BlackElo "2438"]
[WhiteFideId "24119059"]
[BlackFideId "4129725"]
[EventDate "2019.12.26"]

1. d4 d5 2. Bf4 c5 3. c3 Nc6 4. e3 Nf6 5. Bd3 e6 6. Nd2 h6 7. Qe2 a6 8. Bg3 Be7
9. f4 b5 10. Ngf3 Bb7 11. O-O O-O 12. Ne5 Nd7 13. Rad1 f5 14. Ng6 Rf6 15. Nxe7+
Nxe7 16. Bh4 Rf7 17. Nf3 Qb6 18. Bxe7 Rxe7 19. Nh4 Nf6 20. Ng6 Rc7 21. Ne5 b4
22. h3 a5 23. g4 Ba6 24. gxf5 exf5 25. Bxa6 Qxa6 26. Qxa6 Rxa6 27. dxc5 bxc3 28.
c6 cxb2 29. Rb1 Raxc6 30. Nxc6 Rxc6 31. Rxb2 Rc3 32. Re2 a4 33. Rb1 Kh7 34. Rb7
Rc1+ 35. Kg2 Ne4 36. Ra7 Nc3 37. Rb2 Nd1 38. Rbb7 Rc2+ 39. Kf3 Kg6 40. Rxg7+ Kh5
41. Rxa4 Rf2+ 42. Kg3 Re2 43. Re7 Nc3 44. Ra5 Ne4+ 45. Rxe4 dxe4 46. Rxf5+ Kg6
47. Ra5 Rxe3+ 48. Kg2 Rf3 49. a4 Rxf4 50. Re5 Kf6 51. Rh5 Kg6 52. Re5 e3 53. a5
Rf2+ 54. Kg3 Ra2 55. Rxe3 1/2-1/2

[Event "World Rapid Women 2019"]
[Site "Moscow RUS"]
[Date "2019.12.28"]
[Round "10.24"]
[White "Shuvalova, Polina"]
[Black "Strutinskaia, Galina"]
[Result "1-0"]
[WhiteTitle "WGM"]
[BlackTitle "WGM"]
[WhiteElo "2446"]
[BlackElo "2214"]
[WhiteFideId "24171760"]
[BlackFideId "4108558"]
[EventDate "2019.12.26"]

1. e4 c5 2. Nf3 Nc6 3. Bb5 Na5 4. c3 a6 5. Be2 Nf6 6. e5 Nd5 7. d4 cxd4 8. O-O
e6 9. c4 Nb6 10. b3 d5 11. exd6 d3 12. Qxd3 Qxd6 13. Qc3 Nc6 14. Rd1 Qc7 15. Ba3
f6 16. Bxf8 Rxf8 17. Qd3 g6 18. Nc3 Kf7 19. c5 Nd7 20. Ne4 Kg7 21. Rac1 Nde5 22.
Nxe5 Nxe5 23. Qd2 Rf7 24. f4 Nc6 25. Qd6 Qa5 26. Qd2 Qc7 27. Nd6 Re7 28. Nc4 Bd7
29. Qd6 Be8 30. Bg4 f5 31. Bf3 Rd8 32. Qxc7 Rxc7 33. Rd6 Re7 34. Bxc6 1-0

[Event "World Rapid Women 2019"]
[Site "Moscow RUS"]
[Date "2019.12.28"]
[Round "10.25"]
[White "Guichard, Pauline"]
[Black "Gvetadze, Sofio"]
[Result "0-1"]
[WhiteTitle "IM"]
[BlackTitle "IM"]
[WhiteElo "2408"]
[BlackElo "2301"]
[WhiteFideId "639370"]
[BlackFideId "13601440"]
[EventDate "2019.12.26"]

1. c4 Nf6 2. Nf3 g6 3. b3 Bg7 4. Bb2 O-O 5. g3 d6 6. d4 Nbd7 7. Bg2 c6 8. O-O
Qc7 9. d5 Nc5 10. Nc3 e5 11. dxe6 Bxe6 12. Nd4 Bd7 13. Qd2 a5 14. Rad1 Rad8 15.
h3 Rfe8 16. Rfe1 Nfe4 17. Nxe4 Nxe4 18. Qf4 f5 19. Qc1 Qb6 20. e3 Qc7 21. Ne2
Be6 22. Bxg7 Qxg7 23. Nf4 Bf7 24. Qa1 g5 25. Qxg7+ Kxg7 26. Bxe4 Rxe4 27. Ne2
Re7 28. Nc3 Bh5 29. Rd4 Bf3 30. Rc1 Re6 31. Nb1 c5 32. Rd3 Rh6 33. Nd2 Bc6 34.
Kh2 Re8 35. Rf1 Ree6 36. f3 g4 37. fxg4 Rxh3+ 38. Kg1 Rxg3+ 39. Kf2 Rg2+ 40. Ke1
fxg4 41. Rf5 Rh6 42. Nf1 Be4 43. Rg5+ Kf6 0-1

[Event "World Rapid Women 2019"]
[Site "Moscow RUS"]
[Date "2019.12.28"]
[Round "10.26"]
[White "Buksa, Nataliya"]
[Black "Zimina, Olga"]
[Result "0-1"]
[WhiteTitle "IM"]
[BlackTitle "IM"]
[WhiteElo "2403"]
[BlackElo "2390"]
[WhiteFideId "14123622"]
[BlackFideId "4132190"]
[EventDate "2019.12.26"]

1. e4 c6 2. d4 d5 3. Nc3 dxe4 4. Nxe4 Nf6 5. Nxf6+ exf6 6. Be3 Qb6 7. Qc1 Bd6 8.
Bd3 O-O 9. Ne2 Qc7 10. Bf4 Re8 11. Bxd6 Qxd6 12. O-O Nd7 13. Qf4 Qb4 14. Ng3 Nf8
15. Rab1 Qa4 16. b3 Qa5 17. a4 Be6 18. Ne4 Rad8 19. b4 Qh5 20. Ng3 Qg5 21. Qxg5
fxg5 22. c3 g4 23. Rfe1 g6 24. Ne4 Kg7 25. Nc5 b6 26. Nxe6+ Nxe6 27. Be4 Rd6 28.
Kf1 h5 29. b5 c5 30. Bc6 Red8 31. d5 Nf4 32. c4 Kf6 33. Re3 g5 34. Rbe1 Ng6 35.
R1e2 h4 36. g3 Rh8 37. Kg1 Rdd8 38. Re4 Kf5 39. R2e3 f6 40. Kg2 Ne5 41. Rxe5+
fxe5 42. a5 Rh6 43. axb6 axb6 44. Ra3 Ke4 45. Ra6 Rb8 46. d6+ Kd4 47. d7 Rhh8
48. Bd5 Rh6 49. Kf1 Rd6 50. Ra7 Rd8 51. Bc6 Kxc4 52. Ke2 Kb3 53. Ra1 c4 54. Rb1+
Kc2 55. Rb4 Kc3 56. Rb1 R8xd7 57. Bxd7 Rxd7 58. Rc1+ Kb3 59. Ke3 c3 60. Ke4 Kb2
61. Re1 c2 62. Kxe5 Re7+ 0-1

[Event "World Rapid Women 2019"]
[Site "Moscow RUS"]
[Date "2019.12.28"]
[Round "10.27"]
[White "Ovod, Evgenija"]
[Black "Cramling, Pia"]
[Result "0-1"]
[WhiteTitle "IM"]
[BlackTitle "GM"]
[WhiteElo "2362"]
[BlackElo "2461"]
[WhiteFideId "4131827"]
[BlackFideId "1700030"]
[EventDate "2019.12.26"]

1. e4 c5 2. c3 d5 3. exd5 Qxd5 4. d4 Nf6 5. Nf3 e6 6. Na3 Be7 7. Nb5 Na6 8. Be2
O-O 9. O-O Qd8 10. Bf4 Bd7 11. a4 Bc6 12. Ne5 Bd5 13. Qd3 cxd4 14. Nxd4 Nc5 15.
Qh3 Be4 16. Rfd1 Nd5 17. Bg3 Qc8 18. a5 a6 19. Nc4 Rd8 20. Rac1 Na4 21. Be5 f6
22. Bg3 Nc5 23. b4 e5 24. Bg4 Nd7 25. Be6+ Kh8 26. Nb6 N5xb6 27. axb6 exd4 28.
cxd4 Bc2 29. f3 Bxb4 30. Bf4 Qc6 31. Be3 Nf8 32. d5 Qc3 33. Bf2 Nxe6 34. Qxe6
Re8 35. Qg4 Bc5 36. d6 Bxf2+ 37. Kxf2 Qe3+ 38. Kg3 Bxd1 39. Rxd1 Rad8 40. d7 Re7
41. Qb4 h6 42. Qc4 Qe6 43. Qc7 Rdxd7 44. Qc8+ Kh7 45. Qc2+ f5 0-1

[Event "World Rapid Women 2019"]
[Site "Moscow RUS"]
[Date "2019.12.28"]
[Round "10.28"]
[White "Ambartsumova, Karina"]
[Black "Shafigullina, Zarina"]
[Result "1/2-1/2"]
[WhiteTitle "IM"]
[BlackTitle "WFM"]
[WhiteElo "2341"]
[BlackElo "2269"]
[WhiteFideId "4166299"]
[BlackFideId "24174220"]
[EventDate "2019.12.26"]

1. Nf3 Nf6 2. d4 e6 3. c4 b6 4. g3 Ba6 5. b3 Bb4+ 6. Bd2 Be7 7. Bg2 c6 8. O-O d5
9. Ne5 Nfd7 10. Nxd7 Nxd7 11. cxd5 cxd5 12. Nc3 O-O 13. Rc1 Rc8 14. Re1 Ba3 15.
Rc2 Qc7 16. Bf4 Bd6 17. Bxd6 Qxd6 18. Qd2 Rc7 19. Rec1 Rfc8 20. Nb1 Rxc2 21.
Rxc2 Rxc2 22. Qxc2 Qb4 23. Qc3 Qxc3 24. Nxc3 Nb8 25. e3 Nc6 26. Bf1 Bxf1 27.
Kxf1 Nb4 28. Ke2 Kf8 29. a3 Nc6 30. b4 Ke7 31. Kd3 Kd7 32. h4 Ne7 33. Nb5 Nc8
34. Nc3 Nd6 35. a4 a6 36. f3 Nf5 37. Ne2 Nd6 38. e4 Nc4 39. Nc3 Kd6 40. e5+ Kd7
41. g4 Nb2+ 42. Kc2 Nc4 43. Kd3 Nb2+ 44. Ke2 Nc4 45. f4 Na3 46. Kd3 Nc4 47. h5
Ke7 48. g5 f5 49. Ke2 g6 50. h6 Kd7 51. Kd3 Ke7 52. Ke2 Kd7 1/2-1/2

[Event "World Rapid Women 2019"]
[Site "Moscow RUS"]
[Date "2019.12.28"]
[Round "10.29"]
[White "Solozhenkina, Elizaveta"]
[Black "Badelka, Olga"]
[Result "0-1"]
[WhiteTitle "WIM"]
[BlackTitle "IM"]
[WhiteElo "2329"]
[BlackElo "2399"]
[WhiteFideId "34106615"]
[BlackFideId "13509926"]
[EventDate "2019.12.26"]

1. e4 c5 2. Nf3 Nc6 3. Bb5 e6 4. O-O Nge7 5. d4 cxd4 6. Nxd4 Qb6 7. Nxc6 dxc6 8.
Bc4 Ng6 9. Nc3 Be7 10. Kh1 e5 11. a3 O-O 12. Be3 Qc7 13. Ne2 b5 14. Bb3 Nf4 15.
a4 b4 16. g3 Rd8 17. Qe1 Ne6 18. f4 c5 19. Bd5 Bb7 20. Rd1 Bxd5 21. exd5 Qb7 22.
c4 bxc3 23. Nxc3 exf4 24. gxf4 Bf6 25. Qd2 Nd4 26. Kg1 Rab8 27. Rb1 Re8 28. Kh1
Rbd8 29. Rbd1 g6 30. Rf2 Nb3 31. Qd3 c4 32. Qe2 Bxc3 33. bxc3 Rxd5 34. Rxd5
Qxd5+ 35. Kg1 Qe4 36. Rf3 Nc1 37. Qg2 Nd3 38. Qf1 Rb8 39. Bd4 Qf5 40. Re3 h5 41.
Bxa7 Ra8 42. Bd4 h4 43. Qe2 Kh7 44. Qg2 Rb8 45. Qf1 Nxf4 46. Be5 Rb1 47. Re1
Qg4+ 48. Kf2 Nd3+ 0-1

[Event "World Rapid Women 2019"]
[Site "Moscow RUS"]
[Date "2019.12.28"]
[Round "10.30"]
[White "Mkrtchian, Lilit"]
[Black "Serikbay, Assel"]
[Result "1/2-1/2"]
[WhiteTitle "IM"]
[BlackTitle "WIM"]
[WhiteElo "2395"]
[BlackElo "2286"]
[WhiteFideId "13300601"]
[BlackFideId "13706799"]
[EventDate "2019.12.26"]

1. c4 e5 2. g3 Nf6 3. Bg2 d5 4. cxd5 Nxd5 5. Nf3 Nc6 6. O-O Be7 7. d4 e4 8. Ne5
f5 9. Nxc6 bxc6 10. Qc2 Bd7 11. Nd2 O-O 12. Nb3 Bf6 13. Rd1 Qe7 14. Na5 Qd6 15.
b3 Qb4 16. Nxc6 Qc3 17. Qxc3 Nxc3 18. Ne5 Bxe5 19. dxe5 Nxd1 20. Bd2 Bb5 21.
Rxd1 Rad8 22. Kf1 Rfe8 23. Ke1 Rxe5 24. Rc1 c5 25. Be3 Red5 26. f3 Re8 27. fxe4
fxe4 28. Bxc5 Rh5 29. h4 a6 30. Bd4 Rd5 31. e3 Rd7 32. Rc5 Bd3 33. Bh3 Rde7 34.
h5 g6 35. h6 Kf7 36. Rc6 Bb5 37. Rf6+ Kg8 38. Bc5 Rf7 39. Be6 Rxe6 40. Rxe6 Rf1+
41. Kd2 Rf2+ 42. Kc3 Rh2 43. a4 Bd3 44. Re8+ Kf7 45. Re7+ Kf6 46. Rxh7 Kg5 47.
Be7+ Kf5 48. Rh8 g5 49. Rf8+ Kg6 50. Rf6+ Kh7 51. Bf8 Kg8 52. Bg7 Rh3 53. g4
Rxe3 54. Kd4 Rg3 55. Rf8+ Kh7 56. Rh8+ Kg6 57. Bf8 Rh3 58. Bg7 Bc2 59. b4 Bxa4
60. Kxe4 Bd7 61. Rd8 Bxg4 62. Rd6+ Kh7 63. Rxa6 Be2 64. Ra7 g4 65. Kf4 g3 66.
Ke3 g2+ 67. Kf2 Bf1 68. Bf8+ Kg8 69. h7+ Kxf8 70. h8=Q+ Rxh8 71. Ra8+ Kg7 72.
Rxh8 Kxh8 73. b5 Bxb5 1/2-1/2

[Event "World Rapid Women 2019"]
[Site "Moscow RUS"]
[Date "2019.12.28"]
[Round "10.31"]
[White "Doluhanova, Evgeniya"]
[Black "Dordzhieva, Dinara"]
[Result "1-0"]
[WhiteTitle "WGM"]
[BlackTitle "WIM"]
[WhiteElo "2293"]
[BlackElo "2314"]
[WhiteFideId "14112035"]
[BlackFideId "24157570"]
[EventDate "2019.12.26"]

1. Nf3 d5 2. b3 Nf6 3. Bb2 Bf5 4. e3 e6 5. c4 Be7 6. Be2 h6 7. O-O O-O 8. Ne5
Nbd7 9. f4 dxc4 10. bxc4 Nxe5 11. fxe5 Ne4 12. d3 Nc5 13. d4 Ne4 14. Bd3 Bh7 15.
Qc2 Ng5 16. Bxh7+ Nxh7 17. Nc3 Ng5 18. Rad1 c6 19. h4 Nh7 20. g3 Qc7 21. Rf4 f5
22. Qb3 Kh8 23. d5 cxd5 24. cxd5 Qxe5 25. Ne4 Qb8 26. d6 Bf6 27. Nxf6 Nxf6 28.
Qxe6 Qe8 29. Qxe8 Raxe8 30. Rxf5 Rxe3 31. Bxf6 gxf6 32. d7 Rxg3+ 33. Kf2 Rgg8
34. Rc5 Rd8 35. Rc7 a5 36. Kf3 Rgf8 37. Kf4 Kg7 38. Kf5 b5 39. Ke6 b4 40. Rg1+
Kh7 41. Rgc1 a4 42. Rc8 b3 43. axb3 axb3 44. Rxd8 Rxd8 45. h5 f5 46. Ke7 b2 47.
Rb1 1-0

[Event "World Rapid Women 2019"]
[Site "Moscow RUS"]
[Date "2019.12.28"]
[Round "10.32"]
[White "Goltseva, Ekaterina"]
[Black "Mamedjarova, Turkan"]
[Result "1-0"]
[WhiteTitle "FM"]
[BlackTitle "WGM"]
[WhiteElo "2297"]
[BlackElo "2310"]
[WhiteFideId "24173770"]
[BlackFideId "13402005"]
[EventDate "2019.12.26"]

1. d4 d5 2. c4 e6 3. Nc3 Nf6 4. cxd5 exd5 5. Bg5 Be7 6. e3 h6 7. Bh4 O-O 8. Bd3
c6 9. Qc2 Nbd7 10. Nge2 Re8 11. O-O Ne4 12. Bxe7 Qxe7 13. Rae1 Ndf6 14. f3 Nxc3
15. Nxc3 Qd6 16. Qf2 Be6 17. Bb1 Re7 18. h3 Rae8 19. e4 dxe4 20. fxe4 Qd7 21.
Rd1 Bc4 22. Rfe1 Nh7 23. b3 Ba6 24. e5 f6 25. Ne4 fxe5 26. dxe5 Qc7 27. Nd6 Rd8
28. Qg3 Rf8 29. Nf5 Re6 30. Rd6 Rfe8 31. Nxh6+ Kh8 32. Nf5 Qf7 33. Rxe6 Rxe6 34.
Qh4 g6 35. Nd4 Re8 36. e6 Qg7 37. e7 c5 38. Nf3 Kg8 39. Re6 Qa1 40. Rxg6+ Kh8
41. Rg8+ 1-0

[Event "World Rapid Women 2019"]
[Site "Moscow RUS"]
[Date "2019.12.28"]
[Round "10.33"]
[White "Manakova, Maria"]
[Black "Bykova, Anastasia"]
[Result "1/2-1/2"]
[WhiteTitle "WGM"]
[BlackTitle "WFM"]
[WhiteElo "2238"]
[BlackElo "2247"]
[WhiteFideId "927007"]
[BlackFideId "4164970"]
[EventDate "2019.12.26"]

1. e4 c6 2. d4 d5 3. exd5 cxd5 4. c4 Nf6 5. Nc3 e6 6. Nf3 Bb4 7. cxd5 Nxd5 8.
Bd2 Nc6 9. Bd3 O-O 10. O-O Be7 11. a3 Bf6 12. Be3 Nce7 13. Ne4 Bd7 14. Nxf6+
Nxf6 15. Bg5 Ned5 16. Ne5 h6 17. Bh4 Qb6 18. Nc4 Qa6 19. a4 Rac8 20. b3 Rfd8 21.
Qd2 Be8 22. Rac1 b5 23. Na3 Qb6 24. axb5 Qd6 25. Nc4 Qb4 26. Bxf6 Qxd2 27. Nxd2
gxf6 28. Nf3 Nc3 29. Ra1 Nxb5 30. Bc4 Bc6 31. h3 Rc7 32. Rfc1 Bxf3 33. Bxb5
Rxc1+ 34. Rxc1 Bd5 35. Rc3 f5 36. Ba4 Rb8 37. g3 Rb4 38. Rd3 Kf8 39. f4 Ke7 40.
Kf2 Kd6 41. Ke3 Bg2 42. h4 Bd5 43. Rc3 Rb8 44. Kd3 Rg8 45. Kc2 Rb8 46. Kd2 Rb4
47. Kd3 Rb8 48. Kc2 1/2-1/2

[Event "World Rapid Women 2019"]
[Site "Moscow RUS"]
[Date "2019.12.28"]
[Round "10.34"]
[White "Song, Yuxin"]
[Black "Bivol, Alina"]
[Result "1/2-1/2"]
[WhiteTitle "WIM"]
[BlackTitle "WGM"]
[WhiteElo "2299"]
[BlackElo "2374"]
[WhiteFideId "8614300"]
[BlackFideId "4100123"]
[EventDate "2019.12.26"]

1. e4 e6 2. d4 d5 3. Nd2 Be7 4. c3 c5 5. dxc5 Nf6 6. exd5 Qxd5 7. b4 a5 8. Ngf3
Nc6 9. Bc4 Qh5 10. Qb3 e5 11. b5 Nd8 12. O-O e4 13. Nd4 Bxc5 14. Re1 Bd6 15. Nf1
O-O 16. Ba3 Bxa3 17. Qxa3 Ne6 18. Nxe6 Bxe6 19. Bxe6 fxe6 20. Ng3 Qxb5 21. Nxe4
Nxe4 22. Rxe4 Rf6 23. c4 Qh5 24. Qe3 Rd8 25. Rxe6 Rd1+ 26. Rxd1 Qxd1+ 27. Qe1
Qxe1+ 28. Rxe1 Rf4 29. Rc1 Rd4 30. g3 a4 31. Kg2 Rd2 32. Rb1 Rxa2 33. Rxb7 Rc2
34. Rb4 a3 35. Ra4 a2 36. c5 Kf7 37. c6 Ke6 38. c7 Kd7 39. Ra7 h5 40. h4 g6 41.
Kf3 Rb2 42. Ke3 Rc2 43. f3 Rxc7 44. Rxa2 Ke6 45. Kf4 Rf7+ 46. Kg5 Rxf3 47. Ra6+
Kf7 48. Ra7+ Kg8 49. Kxg6 Rxg3+ 50. Kxh5 Rg7 51. Ra8+ Kh7 52. Ra6 Rd7 53. Rh6+
Kg7 54. Rg6+ Kh7 55. Rg5 Rc7 56. Re5 Rg7 57. Rd5 Re7 58. Kg5 Rg7+ 59. Kf5 Rf7+
60. Ke6 Rf4 61. h5 Kh6 62. Re5 Rf3 63. Kd6 Rh3 64. Ke6 Rxh5 65. Rxh5+ Kxh5 1/2-1/2

[Event "World Rapid Women 2019"]
[Site "Moscow RUS"]
[Date "2019.12.28"]
[Round "10.35"]
[White "Yakimova, Mariya"]
[Black "Mamedjarova, Zeinab"]
[Result "1-0"]
[WhiteTitle "WFM"]
[BlackTitle "WGM"]
[WhiteElo "2288"]
[BlackElo "2278"]
[WhiteFideId "34188859"]
[BlackFideId "13401521"]
[EventDate "2019.12.26"]

1. d4 d5 2. c4 dxc4 3. Nf3 Nf6 4. Qa4+ Nbd7 5. Qxc4 Nb6 6. Qc2 Bg4 7. e3 Bxf3 8.
gxf3 e6 9. Bg2 c6 10. Nc3 Be7 11. O-O h5 12. a4 h4 13. h3 a6 14. Qb3 Qc7 15. e4
a5 16. Be3 Nbd7 17. Rac1 Qb6 18. Qa2 Qb4 19. Ne2 Nb6 20. b3 Nfd7 21. Rfd1 O-O
22. Bd2 Qa3 23. Qxa3 Bxa3 24. Rc2 Be7 25. Be3 g6 26. Nf4 Rfd8 27. Nd3 Nc8 28. f4
Nf6 29. Ne5 Ra6 30. Rdc1 Na7 31. f3 Nc8 32. Bf1 Rb6 33. Bc4 Nd6 34. Rc3 Nxc4 35.
Nxc4 Ra6 36. Kf2 Nd7 37. Rd1 b5 38. Ne5 Nxe5 39. fxe5 bxa4 40. bxa4 Rb8 41. Rdc1
Rb2+ 42. R1c2 Rb4 43. Rxc6 Rxc6 44. Rxc6 Rxa4 45. d5 Ra2+ 46. Kf1 Ra1+ 47. Ke2
Bb4 48. Bg5 exd5 49. exd5 Re1+ 50. Kf2 Rxe5 51. Bf6 Re8 52. d6 Bxd6 53. Rxd6 a4
54. Ra6 Kh7 55. Rxa4 g5 56. Bxg5 Kg6 57. Bxh4 Rh8 58. Kg3 Rc8 59. Ra6+ Kh5 60.
Ra5+ Kg6 61. Kg4 Rc1 62. Ra6+ Kh7 63. Bg5 Rg1+ 64. Kf4 Rb1 65. h4 Kg7 66. Kg4
Rb5 67. f4 Rb1 68. h5 Rb5 69. h6+ Kh7 70. Rf6 Rb7 71. Kf3 Ra7 72. Ke4 Rb7 73.
Ke5 Kg8 74. Rd6 Kh7 75. Kf6 Ra7 76. Rd8 Ra4 77. Kf5 Ra5+ 78. Kg4 Ra7 79. Re8 Kg6
80. f5+ Kh7 81. Kh5 Ra5 82. Kg4 Ra7 83. Bf4 Ra4 84. Re7 Kg8 85. Kg5 Ra1 86. Be5
Rg1+ 87. Kf6 Rh1 88. Re8+ Kh7 89. Kxf7 1-0

[Event "World Rapid Women 2019"]
[Site "Moscow RUS"]
[Date "2019.12.28"]
[Round "10.36"]
[White "Sargsyan, Anna M."]
[Black "Nazarova, Anastasia"]
[Result "1-0"]
[WhiteTitle "WIM"]
[BlackTitle "WFM"]
[WhiteElo "2382"]
[BlackElo "2176"]
[WhiteFideId "13308130"]
[BlackFideId "34101737"]
[EventDate "2019.12.26"]

1. e4 c5 2. Nf3 Nc6 3. Bb5 g6 4. Bxc6 bxc6 5. O-O Bg7 6. d4 cxd4 7. Nxd4 Nf6 8.
Re1 O-O 9. Nc3 Bb7 10. Bg5 Qb6 11. e5 Nd5 12. Na4 Qa5 13. c4 h6 14. Bd2 Nb4 15.
a3 c5 16. axb4 cxb4 17. Nb3 Qc7 18. Nac5 Bc6 19. Bxb4 Bxe5 20. Bc3 Bxc3 21. bxc3
d6 22. Nd3 a5 23. Nd4 Bb7 24. Nb2 Rfd8 25. Qd2 Kg7 26. f3 e5 27. Nb5 Qc6 28. Qe2
Qc5+ 29. Qe3 Qc6 30. Qe2 Qc5+ 31. Kh1 f5 32. Na4 Qc6 33. Rab1 Ba6 34. Rbd1 Rab8
35. Rd5 Rd7 36. Rxd6 Rxd6 37. Qxe5+ Rf6 38. Qxb8 Qxc4 39. Qc7+ Qxc7 40. Nxc7 Bc4
41. Ne8+ 1-0

[Event "World Rapid Women 2019"]
[Site "Moscow RUS"]
[Date "2019.12.28"]
[Round "10.37"]
[White "Kulon, Klaudia"]
[Black "Khokhlova, Daria"]
[Result "1-0"]
[WhiteTitle "IM"]
[WhiteElo "2345"]
[BlackElo "2208"]
[WhiteFideId "1131044"]
[BlackFideId "24182729"]
[EventDate "2019.12.26"]

1. c4 c5 2. g3 Nc6 3. Bg2 Nf6 4. Nc3 g6 5. e3 Bg7 6. Nge2 O-O 7. O-O e6 8. d4 d6
9. b3 a6 10. dxc5 dxc5 11. Qxd8 Rxd8 12. Bxc6 bxc6 13. Ba3 Nd7 14. Rad1 e5 15.
Rd2 Re8 16. Rfd1 Nf6 17. Bxc5 Bg4 18. Kg2 e4 19. h3 Bf3+ 20. Kf1 h5 21. Na4 Nh7
22. Rd6 Ng5 23. h4 Ne6 24. Rxc6 Nxc5 25. Nxc5 a5 26. Na4 Rad8 27. Rcd6 Rxd6 28.
Rxd6 Bg4 29. Rd5 Bf8 30. c5 Be6 31. Rd4 Bg7 32. Rd6 Bf8 33. Ra6 Rd8 34. Nd4 Bh3+
35. Ke1 Bg7 36. Rd6 Rxd6 37. cxd6 Bxd4 38. exd4 Kf8 39. Kd2 Ke8 40. Nb6 f6 41.
Ke3 Bf5 42. Nc4 Kd7 43. Nxa5 Kxd6 44. Nc4+ Kd5 45. Nd2 g5 46. a4 g4 47. a5 Bg6
48. a6 Kc6 49. Nxe4 f5 50. Nc5 Kb6 1-0

[Event "World Rapid Women 2019"]
[Site "Moscow RUS"]
[Date "2019.12.28"]
[Round "10.38"]
[White "Styazhkina, Anna"]
[Black "Pourkashiyan, Atousa"]
[Result "0-1"]
[WhiteTitle "WIM"]
[BlackTitle "WGM"]
[WhiteElo "2289"]
[BlackElo "2305"]
[WhiteFideId "24119300"]
[BlackFideId "12502014"]
[EventDate "2019.12.26"]

1. e4 c5 2. Nf3 e6 3. d4 cxd4 4. Nxd4 a6 5. Bd3 Bc5 6. Nb3 Be7 7. c4 d6 8. Nc3
Nf6 9. O-O O-O 10. Qe2 Nbd7 11. Rd1 b6 12. Be3 Bb7 13. f3 Qc7 14. Qf2 Rab8 15.
Bf1 Rfe8 16. Rac1 Ba8 17. Nd4 Ne5 18. b4 h6 19. Nb3 Qb7 20. Rb1 d5 21. Bf4 Nxc4
22. exd5 Rbc8 23. Nd4 e5 24. Nc6 Rxc6 25. dxc6 Qxc6 26. Bg3 a5 27. Rbc1 axb4 28.
Ne4 Nxe4 29. fxe4 Bc5 30. Bxc4 Bxf2+ 31. Bxf2 Qxe4 32. Bf1 Qb7 33. Rb1 Qe4 34.
Re1 Qd5 35. Rxb4 Qxa2 36. Rxb6 Qd5 37. Rb5 Qd6 38. Bg3 f6 39. Bc4+ Kh8 40. Bf2
Bxg2 41. Rb6 Qc7 42. Bb5 Rb8 43. Rxb8+ Qxb8 44. Bd3 Ba8 45. Rb1 Qd8 46. Bf5 g6
47. Bc2 Qd5 0-1